000 01043nam a2200241Ia 4500
001 19850
003 GE_BSU
008 181216s||||||||xx |||||||||||||| ||und||
040 _cGE_BSU
080 _a02
245 _aმხარეთმცოდნეობითი მუშაობის ორგანიზაცია საჯარო ბიბლიოთეკებში
245 _bმეთოდური რეკომენდაციები
245 _cრედ. გ. თაყნიაშვილი
250 _aსაქ. პარლამენტის ეროვნული ბიბლ-კა
260 _aთბილისი
260 _c2012
300 _a23 გვ.
541 _h2ლ. 60თ.
653 _aბიბლიოთეკარი
653 _aმხარეთმცოდნეობითი მუშაობის ორგანიზაცია საჯარო ბიბლიოთეკებში
653 _aქსეროქსი
942 _cBK
999 _c52820
_d52820